A-Z Catégorie : Science - Statistiques

Statistiques générales
  • Ce quiz a été pris 59 fois
  • Le résultat moyen est 10 sur 26
Statistiques - réponses
Hint Réponse % Correct
R Os du genou Rotule
91%
U Rayonnements de longueur d’onde 100 à 400 nm Ultraviolets
84%
O Spécialité médicale dédiée à l’étude des cancers Oncologie
80%
S Zone de jonction entre deux neurones Synapse
71%
X Gaz rare de numéro atomique 54 Xénon
67%
I Mot qui se cache derrière le I de SIDA Immuno
64%
T Maladie infectieuse des poumons qui reste une des plus meurtrières au monde Tuberculose
64%
L Prénom du premier être vivant à être allé dans l’espace Laïka
60%
G Théorie réfutée par Copernic et Galilée Géocentrisme
58%
Z Plus autorisés à voler après la tragédie de Hindenburg Zeppelins
53%
N Molécule utilisée dans la fabrication d’explosifs Nitroglycérine
47%
Q Particule qui constitue les protons et les neutrons Quark
44%
W Frères qui ont réalisé le premier vol d’avion motorisé Frères Wright
36%
E Scientifique spécialisé dans l’étude des insectes Entomologiste
33%
B Il découvre la radioactivité Henri Becquerel
33%
J Fille de Pierre et Marie Curie, qui obtient aussi un Prix Nobel en 1935 Irène Joliot-Curie
33%
C Homonyme d’un Président de la 3ème République, il pose les bases de la thermodynamique Sadi Carnot
20%
M Réaction responsable de la croûte dorée du pain Réaction de Maillard
16%
K Lois qui se composent de la loi des nœuds et de la loi des mailles, essentielles à l’analyse des circuits électriques Lois de Kirchoff
11%
P Roche magmatique constituant l’essentiel du manteau terrestre Péridotite
11%
F Biologiste à qui l’on doit la découverte de l’ADN Rosalind Franklin
9%
V Ingénieur nazi qui aidera les américains à développer leur programme spatial Werner von Braun
9%
A Protéine membranaire qui permet à l’eau de traverser la membrane cellulaire Aquaporine
4%
D Ancêtre de l’appareil photo Daguerréotype
4%
H Procédé industriel qui permet de synthétiser de l’ammoniac à partir d’azote atmosphérique Haber-Bosch
4%
Y Nom du bacille de la peste Yersinia pestis
4%
Aucun quiz correspondant
Distribution des résultats
% des personnes avec chaque résultat
Percentile par nombre de réponses
Votre historique - résultats
Vous n’avez pas pris ce quiz